Boum Boum Boum - Mika [Paroles entières] - Statistiques

Statistiques générales
  • Ce quiz a été pris 522 fois
    66 depuis la dernière actualisation
  • Le résultat moyen est 288 sur 385
Statistiques - réponses
Parole % Correct
a
100%
à
100%
Boum x15 | x20 | x3
96%
boum x3
96%
et
96%
Et
96%
le
96%
On
96%
on
96%
de
92%
qu'à
92%
Quand
92%
toi
92%
Toi
92%
les
90%
Les
90%
moi
90%
fait
87%
Se
87%
se
87%
ta
87%
je
85%
Je
85%
me
85%
Pour
85%
du
81%
En
79%
pas
77%
Pas
77%
un
77%
Un
77%
bourgeois
75%
dans
75%
Dans
75%
des
75%
pourquoi
75%
t'aime
75%
Elle
73%
73%
la
73%
mère
73%
par
73%
tous
73%
demandent
71%
fais
71%
toujours
71%
qui
69%
seizième
69%
terre
69%
tomber
69%
failli
67%
ça
65%
chez
65%
ne
65%
besoin
63%
bon
63%
prétexte
63%
t'es
63%
ce
62%
dressing-room
62%
d'un
62%
faire
62%
quoi
60%
contexte
58%
était
58%
Hier
58%
n'importe
58%
pense
58%
Qu'importe
58%
the
58%
thé
58%
tout
58%
au
56%
ciel
56%
kilos
56%
l'endroit
56%
prends
56%
tequilas
56%
zoom
56%
faisait
54%
hôtels
54%
septième
54%
comme
52%
même
52%
nos
52%
qu'on
52%
ascenseurs
50%
C'est
50%
c'est
50%
Entre
50%
invités
50%
reçoit
50%
sait
50%
temps
50%
Y'a
50%
balader
48%
envoie
48%
loukoums
48%
monter
48%
plus
48%
résister
48%
truc
48%
entrant
46%
of
46%
que
46%
Que
46%
deux
44%
Deux
44%
Mais
44%
veut
44%
vulgaire
44%
badaboum
42%
chante
42%
grooms
42%
Loom
42%
voir
42%
chansons
40%
étagères
40%
font
40%
Fruit
38%
l'amour
37%
ont
37%
peine
35%
voisins
35%
voyager
35%
d'aller
33%
murs
33%
cavaler
29%
d'Oum
29%
oreilles
29%
réveillent
29%
cocotiers
27%
s'aimer
27%
S'aimer
27%
vrai
27%
Brahim
25%
Kalthoum
25%
Asloum
23%
coups
23%
Tulum
23%
Aucun quiz correspondant
Distribution des résultats
% des personnes avec chaque résultat
Percentile par nombre de réponses
Votre historique - résultats
Vous n’avez pas pris ce quiz depuis la dernière actualisation